000
00292nam a2200133Ia 4500
100
_a
Forouzan/Behrouz A
942
_c
BK
654
_a
data
245
_a
Data communications and Networking
260
_b
Tata Mc Graw hill
_c
2000
082
_a
4.65
_b
FOR
300
_a
908
546
_a
ENGLISH
999
_c
19695
_d
19695